[Event "Africa-ch U20"]
[Site "Hammamet"]
[Date "2012.12.24"]
[Round "1"]
[White "Lahouimel, Omar"]
[Black "Ameir, Moheb"]
[Result "0-1"]
[WhiteElo "1809"]
[BlackElo "2280"]
[PlyCount "62"]
[EventDate "2012.12.24"]
[EventType "swiss"]
[EventRounds "9"]
[EventCountry "TUN"]
[SourceTitle "CBM 152 Extra"]
[Source "ChessBase"]
[SourceDate "2013.02.25"]
[SourceVersion "1"]
[SourceVersionDate "2013.02.25"]
[SourceQuality "1"]

1. e4 d6 2. d4 Nf6 3. Nc3 Nbd7 4. g4 h6 5. h3 e5 6. Nge2 c6 7. Bg2 Be7 8. 0-0 g5 9. Ng3 Nf8 10. Nf5 Ne6 11. dxe5 dxe5 12. Qe2 Nd4 13. Nxd4 Qxd4 14. Be3 Qd8 15. Rad1 Qa5 16. Rfe1 Be6 17. a3 Nh7 18. Bc1 Bxa3 19. Nd5 Bd6 20. Nf6+ Ke7 21. Nh5 Rhd8 22. Qf3 Bc5 23. Ng7 Rxd1 24. Rxd1 Rd8 25. Rxd8 Qxd8 26. Nf5+ Bxf5 27. Qxf5 Qg8 28. Bf1 Nf8 29. Qxe5+ Ne6 30. Qc3 Qg6 31. b4 Bd4 0-1